[Event "Open"]
[Site "Maastricht, NL"]
[Date "2025.06.08"]
[Round "4"]
[White "Dann, Matthias"]
[Black "Smeets, Kobe"]
[Result "0-1"]
[Board "3"]
[WhiteFideId "24638056"]
[BlackFideId "1063910"]
[WhiteTitle "IM"]
[BlackTitle "FM"]
[WhiteElo "2446"]
[BlackElo "2323"]
[WhiteTeam "GER"]
[BlackTeam "NED"]
[WhiteClock "0:00:57"]
[BlackClock "0:04:45"]
[Variant "Standard"]

1. e4 {[%clk 1:30:43]}  e5 {[%clk 1:30:42]} 2. Nf3 {[%clk 1:31:07]}  Nc6 {[%clk 1:31:07]} 3. Bb5 {[%clk 1:31:10]}  a6 {[%clk 1:31:30]} 4. Ba4 {[%clk 1:31:36]}  Bc5 {[%clk 1:31:53]} 5. O-O {[%clk 1:30:47]}  Nge7 {[%clk 1:32:01]} 6. c3 {[%clk 1:27:22]}  Ng6 {[%clk 1:32:06]} 7. d4 {[%clk 1:26:47]}  Ba7 {[%clk 1:32:24]} 8. Bg5 {[%clk 1:21:40]}  f6 {[%clk 1:32:46]} 9. Be3 {[%clk 1:22:07]}  O-O {[%clk 1:33:00]} 10. d5 {[%clk 1:17:13]}  Nce7 {[%clk 1:31:10]} 11. Bxa7 {[%clk 1:12:43]}  Rxa7 {[%clk 1:31:31]} 12. d6 {[%clk 1:12:55]}  cxd6 {[%clk 1:26:08]} 13. Qxd6 {[%clk 1:12:25]}  b5 {[%clk 1:07:18]} 14. Bb3+ {[%clk 1:12:46]}  Kh8 {[%clk 1:07:42]} 15. c4 {[%clk 1:13:08]}  bxc4 {[%clk 1:00:30]} 16. Bxc4 {[%clk 1:13:33]}  Rc7 {[%clk 1:00:34]} 17. b3 {[%clk 1:13:24]}  Bb7 {[%clk 1:00:32]} 18. Nc3 {[%clk 1:13:08]}  Nc8 {[%clk 0:56:21]} 19. Qb4 {[%clk 1:09:09]}  Qe7 {[%clk 0:54:26]} 20. Qxe7 {[%clk 0:59:36]}  Ngxe7 {[%clk 0:54:01]} 21. Nd2 {[%clk 0:59:45]}  Nb6 {[%clk 0:50:15]} 22. Rad1 {[%clk 0:58:05]}  Rd8 {[%clk 0:40:29]} 23. h4 {[%clk 0:54:45]}  Rc5 {[%clk 0:33:46]} 24. Rfe1 {[%clk 0:52:04]}  Nec8 {[%clk 0:25:07]} 25. Re3 {[%clk 0:50:50]}  Nd6 {[%clk 0:24:18]} 26. Bf1 {[%clk 0:49:24]}  Rdc8 {[%clk 0:21:53]} 27. Ndb1 {[%clk 0:49:01]}  Nb5 {[%clk 0:18:17]} 28. Bxb5 {[%clk 0:48:08]}  axb5 {[%clk 0:18:40]} 29. b4 {[%clk 0:47:24]}  Rc4 {[%clk 0:17:45]} 30. Nxb5 {[%clk 0:46:42]}  Rxb4 {[%clk 0:13:49]} 31. Nd6 {[%clk 0:47:00]}  Nc4 {[%clk 0:11:50]} 32. Nxc8 {[%clk 0:26:24]}  Nxe3 {[%clk 0:12:09]} 33. fxe3 {[%clk 0:26:50]}  Bxc8 {[%clk 0:12:29]} 34. Nc3 {[%clk 0:27:12]}  h5 {[%clk 0:09:46]} 35. a4 {[%clk 0:13:01]}  Rc4 {[%clk 0:06:11]} 36. Nd5 {[%clk 0:13:20]}  Bb7 {[%clk 0:06:34]} 37. Nb6 {[%clk 0:07:11]}  Rxe4 {[%clk 0:06:49]} 38. Rxd7 {[%clk 0:06:42]}  Bc6 {[%clk 0:07:11]} 39. Rd8+ {[%clk 0:04:18]}  Kh7 {[%clk 0:07:40]} 40. Rc8 {[%clk 0:02:58]}  Bxa4 {[%clk 0:07:48]} 41. Rc4 {[%clk 0:01:47]}  Rxc4 {[%clk 0:07:54]} 42. Nxc4 {[%clk 0:02:14]}  Kg8 {[%clk 0:06:23]} 43. Kf2 {[%clk 0:02:07]}  Kf7 {[%clk 0:06:37]} 44. g3 {[%clk 0:02:00]}  Ke6 {[%clk 0:06:36]} 45. e4 {[%clk 0:01:19]}  Bb5 {[%clk 0:06:28]} 46. Nd2 {[%clk 0:01:28]}  Kd6 {[%clk 0:03:07]} 47. Ke3 {[%clk 0:01:42]}  Kc5 {[%clk 0:03:29]} 48. Nf3 {[%clk 0:01:29]}  Kc4 {[%clk 0:03:49]} 49. Nh2 {[%clk 0:01:15]}  Bd7 {[%clk 0:04:06]} 50. Nf3 {[%clk 0:01:10]}  Kc3 {[%clk 0:04:29]} 51. Ne1 {[%clk 0:01:18]}  Bb5 {[%clk 0:04:36]} 52. Nf3 {[%clk 0:01:20]}  Kc2 {[%clk 0:04:27]} 53. Nd2 {[%clk 0:00:55]}  Ba6 {[%clk 0:04:14]} 54. Nf3 {[%clk 0:01:10]}  Kd1 {[%clk 0:04:24]} 55. Nd2 {[%clk 0:01:12]}  Ke1 {[%clk 0:04:16]} 56. Nb3 {[%clk 0:00:42]}  Kf1 {[%clk 0:04:01]} 57. Nc5 {[%clk 0:00:38]}  Bc8 {[%clk 0:04:20]} 58. Kf3 {[%clk 0:00:57]}  Bg4+ {[%clk 0:04:45]} 0-1

[Event "Open"]
[Site "Maastricht, NL"]
[Date "2025.06.08"]
[Round "4"]
[White "Kueppers, Timo"]
[Black "Barzen, Pascal"]
[Result "1/2-1/2"]
[Board "4"]
[WhiteFideId "16205820"]
[BlackFideId "24653497"]
[WhiteTitle "FM"]
[BlackTitle "FM"]
[WhiteElo "2295"]
[BlackElo "2348"]
[WhiteTeam "GER"]
[BlackTeam "GER"]
[WhiteClock "0:29:45"]
[BlackClock "0:48:12"]
[Variant "Standard"]

1. Nf3 {[%clk 1:29:09]}  Nf6 {[%clk 1:30:52]} 2. c4 {[%clk 1:29:15]}  c5 {[%clk 1:30:57]} 3. g3 {[%clk 1:29:00]}  Nc6 {[%clk 1:30:26]} 4. Nc3 {[%clk 1:26:25]}  d5 {[%clk 1:30:40]} 5. d4 {[%clk 1:25:39]}  cxd4 {[%clk 1:30:22]} 6. Nxd4 {[%clk 1:26:02]}  dxc4 {[%clk 1:29:42]} 7. Nxc6 {[%clk 1:25:59]}  Qxd1+ {[%clk 1:30:04]} 8. Nxd1 {[%clk 1:25:56]}  bxc6 {[%clk 1:30:28]} 9. Bg2 {[%clk 1:25:11]}  Nd5 {[%clk 1:29:42]} 10. Ne3 {[%clk 1:24:16]}  e6 {[%clk 1:29:30]} 11. Nxc4 {[%clk 1:22:07]}  Ba6 {[%clk 1:28:47]} 12. b3 {[%clk 1:18:06]}  Bb4+ {[%clk 1:25:01]} 13. Bd2 {[%clk 1:15:52]}  Ke7 {[%clk 1:23:22]} 14. Rc1 {[%clk 1:12:02]}  Rhc8 {[%clk 1:00:00]} 15. Bxb4+ {[%clk 0:53:37]}  Nxb4 {[%clk 1:00:24]} 16. Na5 {[%clk 0:51:27]}  Nxa2 {[%clk 0:49:47]} 17. Nxc6+ {[%clk 0:37:59]}  Kf6 {[%clk 0:48:12]} 18. Ra1 {[%clk 0:29:45]} 1/2-1/2

[Event "Open"]
[Site "Maastricht, NL"]
[Date "2025.06.08"]
[Round "4"]
[White "Lenaerts, Lennert"]
[Black "Van Doren, Bas"]
[Result "1-0"]
[Board "5"]
[WhiteFideId "211435"]
[BlackFideId "1048503"]
[WhiteTitle "FM"]
[WhiteElo "2337"]
[BlackElo "2162"]
[WhiteTeam "BEL"]
[BlackTeam "NED"]
[WhiteClock "0:27:23"]
[BlackClock "0:01:50"]
[Variant "Standard"]

1. e4 {[%clk 1:30:43]}  c5 {[%clk 1:30:47]} 2. Nf3 {[%clk 1:31:09]}  e6 {[%clk 1:31:11]} 3. d4 {[%clk 1:31:22]}  cxd4 {[%clk 1:31:33]} 4. Nxd4 {[%clk 1:31:47]}  Nc6 {[%clk 1:31:49]} 5. Nc3 {[%clk 1:30:16]}  Qc7 {[%clk 1:32:05]} 6. Be3 {[%clk 1:30:18]}  a6 {[%clk 1:32:29]} 7. a3 {[%clk 1:30:35]}  b5 {[%clk 1:29:48]} 8. Nxc6 {[%clk 1:29:05]}  dxc6 {[%clk 1:29:09]} 9. Qg4 {[%clk 1:29:27]}  c5 {[%clk 1:12:24]} 10. Qg3 {[%clk 1:23:24]}  Bd6 {[%clk 1:05:23]} 11. Qxg7 {[%clk 1:23:22]}  Be5 {[%clk 1:05:44]} 12. Bf4 {[%clk 1:23:15]}  Bxg7 {[%clk 1:05:00]} 13. Bxc7 {[%clk 1:23:40]}  Bb7 {[%clk 1:04:53]} 14. f3 {[%clk 1:16:22]}  Ne7 {[%clk 1:01:47]} 15. Bd6 {[%clk 1:09:01]}  Bd4 {[%clk 0:57:02]} 16. a4 {[%clk 1:08:41]}  b4 {[%clk 0:46:29]} 17. Nd1 {[%clk 1:08:49]}  Rd8 {[%clk 0:44:55]} 18. Bg3 {[%clk 0:58:45]}  f5 {[%clk 0:40:39]} 19. e5 {[%clk 0:56:20]}  Nd5 {[%clk 0:33:22]} 20. Bc4 {[%clk 0:49:36]}  f4 {[%clk 0:23:30]} 21. Bxd5 {[%clk 0:46:42]}  Rxd5 {[%clk 0:23:55]} 22. Bxf4 {[%clk 0:47:09]}  Bxe5 {[%clk 0:24:17]} 23. Bxe5 {[%clk 0:47:15]}  Rxe5+ {[%clk 0:24:45]} 24. Kf2 {[%clk 0:47:36]}  b3 {[%clk 0:21:51]} 25. c4 {[%clk 0:37:35]}  Kf7 {[%clk 0:19:01]} 26. Re1 {[%clk 0:37:31]}  Rxe1 {[%clk 0:18:09]} 27. Kxe1 {[%clk 0:37:59]}  Bc6 {[%clk 0:17:32]} 28. a5 {[%clk 0:33:39]}  Rb8 {[%clk 0:15:52]} 29. Nf2 {[%clk 0:31:48]}  Rg8 {[%clk 0:12:24]} 30. Ng4 {[%clk 0:32:06]}  Ke7 {[%clk 0:08:48]} 31. Ra3 {[%clk 0:31:23]}  h5 {[%clk 0:06:54]} 32. Ne3 {[%clk 0:27:49]}  Rb8 {[%clk 0:06:11]} 33. Nf1 {[%clk 0:27:31]}  Rb4 {[%clk 0:03:46]} 34. Nd2 {[%clk 0:27:53]}  Kd6 {[%clk 0:02:58]} 35. Ke2 {[%clk 0:28:18]}  Ke5 {[%clk 0:03:01]} 36. Rxb3 {[%clk 0:26:58]}  Ra4 {[%clk 0:01:50]} 37. Rb6 {[%clk 0:27:23]} 1-0

[Event "Open"]
[Site "Maastricht, NL"]
[Date "2025.06.08"]
[Round "4"]
[White "van der Valk, Niklas"]
[Black "Pauly, Carlo"]
[Result "0-1"]
[Board "6"]
[WhiteFideId "24651931"]
[BlackFideId "24673269"]
[BlackTitle "FM"]
[WhiteElo "2121"]
[BlackElo "2278"]
[WhiteTeam "GER"]
[BlackTeam "GER"]
[WhiteClock "0:01:10"]
[BlackClock "0:10:21"]
[Variant "Standard"]

1. e4 {[%clk 1:30:57]}  c5 {[%clk 1:30:53]} 2. Nf3 {[%clk 1:31:20]}  Nc6 {[%clk 1:31:17]} 3. d4 {[%clk 1:31:42]}  cxd4 {[%clk 1:31:41]} 4. Nxd4 {[%clk 1:32:08]}  e5 {[%clk 1:32:05]} 5. Nb5 {[%clk 1:32:30]}  d6 {[%clk 1:32:29]} 6. c4 {[%clk 1:32:50]}  Be6 {[%clk 1:32:44]} 7. N5c3 {[%clk 1:33:11]}  Nf6 {[%clk 1:31:03]} 8. Bd3 {[%clk 1:32:56]}  g6 {[%clk 1:30:39]} 9. O-O {[%clk 1:32:46]}  Bg7 {[%clk 1:30:49]} 10. Nd5 {[%clk 1:32:37]}  Bxd5 {[%clk 1:27:06]} 11. exd5 {[%clk 1:30:29]}  Nd4 {[%clk 1:20:09]} 12. Nc3 {[%clk 1:29:28]}  O-O {[%clk 1:15:22]} 13. Be3 {[%clk 1:24:42]}  Nd7 {[%clk 1:13:42]} 14. Rc1 {[%clk 1:19:49]}  f5 {[%clk 0:59:44]} 15. f4 {[%clk 1:14:45]}  Rc8 {[%clk 0:53:44]} 16. b3 {[%clk 1:11:16]}  Nf6 {[%clk 0:46:35]} 17. h3 {[%clk 1:03:56]}  Nh5 {[%clk 0:45:09]} 18. Bb1 {[%clk 0:53:53]}  Qh4 {[%clk 0:40:04]} 19. Qd2 {[%clk 0:46:22]}  Rce8 {[%clk 0:36:00]} 20. Bxd4 {[%clk 0:20:19]}  exd4 {[%clk 0:35:22]} 21. Nb5 {[%clk 0:20:08]}  Ng3 {[%clk 0:31:18]} 22. Rfe1 {[%clk 0:15:33]}  Bh6 {[%clk 0:29:57]} 23. Rxe8 {[%clk 0:10:11]}  Rxe8 {[%clk 0:30:06]} 24. Re1 {[%clk 0:10:37]}  Ne4 {[%clk 0:22:49]} 25. Bxe4 {[%clk 0:10:00]}  Bxf4 {[%clk 0:21:48]} 26. Qd1 {[%clk 0:06:35]}  Be3+ {[%clk 0:13:47]} 27. Kh1 {[%clk 0:07:00]}  fxe4 {[%clk 0:13:57]} 28. Rf1 {[%clk 0:04:06]}  d3 {[%clk 0:12:22]} 29. Nxd6 {[%clk 0:04:00]}  Re7 {[%clk 0:10:56]} 30. Nb5 {[%clk 0:00:47]}  Bf4 {[%clk 0:10:31]} 31. d6 {[%clk 0:01:03]}  Rf7 {[%clk 0:10:30]} 32. Qg4 {[%clk 0:00:31]}  Qxg4 {[%clk 0:10:29]} 33. hxg4 {[%clk 0:01:00]}  e3 {[%clk 0:09:51]} 34. d7 {[%clk 0:00:33]}  Rxd7 {[%clk 0:09:57]} 35. Rxf4 {[%clk 0:00:51]}  e2 {[%clk 0:09:58]} 36. Re4 {[%clk 0:01:10]}  d2 {[%clk 0:10:21]} 0-1

[Event "Open"]
[Site "Maastricht, NL"]
[Date "2025.06.08"]
[Round "4"]
[White "Van Batenburg, Mees"]
[Black "Lishoy Gengis Paratazham, Dildarav"]
[Result "1-0"]
[Board "7"]
[WhiteFideId "1078259"]
[BlackFideId "491462"]
[WhiteElo "2218"]
[BlackElo "2084"]
[WhiteTeam "NED"]
[BlackTeam "ENG"]
[WhiteClock "0:04:02"]
[BlackClock "0:06:26"]
[Variant "Standard"]

1. e4 {[%clk 1:24:11]}  d6 {[%clk 1:30:59]} 2. d4 {[%clk 1:24:21]}  Nf6 {[%clk 1:31:28]} 3. Nc3 {[%clk 1:24:45]}  e5 {[%clk 1:31:55]} 4. Nf3 {[%clk 1:25:11]}  Nbd7 {[%clk 1:32:24]} 5. a4 {[%clk 1:25:34]}  Be7 {[%clk 1:29:57]} 6. a5 {[%clk 1:25:35]}  O-O {[%clk 1:23:00]} 7. Be2 {[%clk 1:23:02]}  Re8 {[%clk 1:15:50]} 8. O-O {[%clk 1:22:45]}  c6 {[%clk 1:11:49]} 9. h3 {[%clk 1:21:27]}  Qc7 {[%clk 1:08:12]} 10. d5 {[%clk 1:21:02]}  Nf8 {[%clk 0:53:21]} 11. Be3 {[%clk 1:17:59]}  Bd7 {[%clk 0:47:49]} 12. Nd2 {[%clk 1:08:38]}  Ng6 {[%clk 0:43:13]} 13. Re1 {[%clk 0:53:51]}  cxd5 {[%clk 0:34:04]} 14. exd5 {[%clk 0:54:01]}  Nh4 {[%clk 0:29:57]} 15. f3 {[%clk 0:43:46]}  Qc8 {[%clk 0:27:27]} 16. Bf2 {[%clk 0:31:11]}  Nh5 {[%clk 0:23:23]} 17. Bf1 {[%clk 0:28:46]}  Ng6 {[%clk 0:18:46]} 18. a6 {[%clk 0:21:34]}  Nhf4 {[%clk 0:15:30]} 19. axb7 {[%clk 0:19:28]}  Qxb7 {[%clk 0:15:59]} 20. Nc4 {[%clk 0:19:26]}  Qc7 {[%clk 0:14:28]} 21. Ra6 {[%clk 0:16:08]}  Reb8 {[%clk 0:12:18]} 22. Qa1 {[%clk 0:14:17]}  Rb7 {[%clk 0:08:01]} 23. Na5 {[%clk 0:13:09]}  Rbb8 {[%clk 0:07:29]} 24. Nc6 {[%clk 0:12:35]}  Bxc6 {[%clk 0:07:13]} 25. dxc6 {[%clk 0:12:50]}  Re8 {[%clk 0:04:34]} 26. Nb5 {[%clk 0:11:55]}  Qc8 {[%clk 0:04:15]} 27. Nxa7 {[%clk 0:08:59]}  Qf5 {[%clk 0:03:25]} 28. c7 {[%clk 0:08:56]}  Bh4 {[%clk 0:02:27]} 29. Bxh4 {[%clk 0:05:42]}  Nxh4 {[%clk 0:02:14]} 30. Qa3 {[%clk 0:01:23]}  Qxc2 {[%clk 0:01:02]} 31. Qc3 {[%clk 0:01:02]}  Qf5 {[%clk 0:00:49]} 32. Rea1 {[%clk 0:00:38]}  Qg5 {[%clk 0:00:40]} 33. g4 {[%clk 0:00:51]}  e4 {[%clk 0:00:41]} 34. fxe4 {[%clk 0:00:52]}  h5 {[%clk 0:00:48]} 35. c8=Q {[%clk 0:00:49]}  Raxc8 {[%clk 0:01:12]} 36. Nxc8 {[%clk 0:01:14]}  hxg4 {[%clk 0:01:26]} 37. Nxd6 {[%clk 0:00:38]}  Nf3+ {[%clk 0:01:03]} 38. Kh1 {[%clk 0:00:32]}  Re7 {[%clk 0:00:45]} 39. Qc8+ {[%clk 0:00:41]}  Kh7 {[%clk 0:01:10]} 40. Qf5+ {[%clk 0:01:07]}  Qxf5 {[%clk 0:01:16]} 41. Nxf5 {[%clk 0:01:31]}  Rxe4 {[%clk 0:01:19]} 42. R6a4 {[%clk 0:01:03]}  Nd2 {[%clk 0:01:06]} 43. Rxe4 {[%clk 0:01:19]}  Nxe4 {[%clk 0:01:34]} 44. hxg4 {[%clk 0:01:10]}  g6 {[%clk 0:01:49]} 45. Ne3 {[%clk 0:01:21]}  Nd6 {[%clk 0:01:41]} 46. b4 {[%clk 0:01:37]}  Kh6 {[%clk 0:02:06]} 47. b5 {[%clk 0:01:36]}  Kg5 {[%clk 0:02:31]} 48. b6 {[%clk 0:01:58]}  Ne6 {[%clk 0:02:39]} 49. Nc4 {[%clk 0:01:47]}  Ne4 {[%clk 0:03:03]} 50. b7 {[%clk 0:02:05]}  Kxg4 {[%clk 0:03:18]} 51. b8=Q {[%clk 0:02:11]}  Ng3+ {[%clk 0:03:34]} 52. Kg1 {[%clk 0:02:27]}  Nf4 {[%clk 0:03:48]} 53. Ne3+ {[%clk 0:02:33]}  Kf3 {[%clk 0:04:00]} 54. Ra3 {[%clk 0:02:20]}  Nfe2+ {[%clk 0:04:17]} 55. Bxe2+ {[%clk 0:02:41]}  Nxe2+ {[%clk 0:04:45]} 56. Kh2 {[%clk 0:03:01]}  Kf2 {[%clk 0:05:12]} 57. Ng4+ {[%clk 0:03:17]}  Ke1 {[%clk 0:05:37]} 58. Qb4+ {[%clk 0:03:17]}  Kd1 {[%clk 0:05:57]} 59. Ne3+ {[%clk 0:03:42]}  Kc1 {[%clk 0:06:26]} 60. Ra1# {[%clk 0:04:02]} 1-0

[Event "Open"]
[Site "Maastricht, NL"]
[Date "2025.06.08"]
[Round "4"]
[White "Ramien, David"]
[Black "Beerdsen, Thomas"]
[Result "0-1"]
[Board "8"]
[WhiteFideId "12948241"]
[BlackFideId "1030108"]
[BlackTitle "GM"]
[WhiteElo "2216"]
[BlackElo "2538"]
[WhiteTeam "GER"]
[BlackTeam "NED"]
[WhiteClock "0:01:47"]
[BlackClock "0:06:25"]
[Variant "Standard"]

1. e4 {[%clk 1:27:12]}  c5 {[%clk 1:30:54]} 2. Nf3 {[%clk 1:27:21]}  d6 {[%clk 1:31:16]} 3. d4 {[%clk 1:27:48]}  cxd4 {[%clk 1:31:40]} 4. Qxd4 {[%clk 1:28:15]}  Nc6 {[%clk 1:25:12]} 5. Bb5 {[%clk 1:27:02]}  Bd7 {[%clk 1:24:23]} 6. Bxc6 {[%clk 1:27:18]}  Bxc6 {[%clk 1:24:45]} 7. Nc3 {[%clk 1:27:40]}  Nf6 {[%clk 1:24:24]} 8. Bg5 {[%clk 1:27:59]}  e6 {[%clk 1:24:49]} 9. O-O-O {[%clk 1:28:25]}  Be7 {[%clk 1:24:45]} 10. Qd3 {[%clk 1:28:50]}  Qa5 {[%clk 1:17:44]} 11. Bd2 {[%clk 1:26:00]}  Rc8 {[%clk 0:55:49]} 12. Nd4 {[%clk 1:15:18]}  a6 {[%clk 0:50:33]} 13. Kb1 {[%clk 1:14:51]}  Qc7 {[%clk 0:48:52]} 14. f4 {[%clk 0:53:24]}  b5 {[%clk 0:46:08]} 15. a3 {[%clk 0:50:12]}  O-O {[%clk 0:44:55]} 16. f5 {[%clk 0:49:03]}  Bd7 {[%clk 0:40:18]} 17. g4 {[%clk 0:46:51]}  Qc4 {[%clk 0:37:52]} 18. Rhg1 {[%clk 0:43:23]}  Qxd3 {[%clk 0:33:37]} 19. cxd3 {[%clk 0:43:47]}  Bd8 {[%clk 0:27:46]} 20. g5 {[%clk 0:40:35]}  Nh5 {[%clk 0:26:39]} 21. g6 {[%clk 0:39:46]}  hxg6 {[%clk 0:26:40]} 22. fxe6 {[%clk 0:38:18]}  fxe6 {[%clk 0:26:21]} 23. Rxg6 {[%clk 0:37:45]}  Bf6 {[%clk 0:25:50]} 24. Nce2 {[%clk 0:34:47]}  Kh7 {[%clk 0:19:17]} 25. Rgg1 {[%clk 0:32:00]}  Be5 {[%clk 0:18:52]} 26. Rg5 {[%clk 0:25:42]}  g6 {[%clk 0:18:42]} 27. Rdg1 {[%clk 0:25:41]}  Rf6 {[%clk 0:17:47]} 28. R5g2 {[%clk 0:25:45]}  Rcf8 {[%clk 0:15:20]} 29. Ka2 {[%clk 0:22:59]}  Be8 {[%clk 0:14:51]} 30. Bg5 {[%clk 0:22:19]}  Rf2 {[%clk 0:14:34]} 31. h4 {[%clk 0:15:15]}  Rxg2 {[%clk 0:12:47]} 32. Rxg2 {[%clk 0:15:01]}  Bxd4 {[%clk 0:11:08]} 33. Nxd4 {[%clk 0:15:21]}  e5 {[%clk 0:11:34]} 34. Nc2 {[%clk 0:14:04]}  Rf3 {[%clk 0:11:45]} 35. d4 {[%clk 0:08:45]}  Bf7+ {[%clk 0:11:33]} 36. d5 {[%clk 0:09:09]}  Nf4 {[%clk 0:09:58]} 37. Rd2 {[%clk 0:08:44]}  Nd3 {[%clk 0:09:02]} 38. Nb4 {[%clk 0:04:02]}  Nc5 {[%clk 0:08:34]} 39. Be7 {[%clk 0:01:59]}  a5 {[%clk 0:08:40]} 40. Nc6 {[%clk 0:01:51]}  Nxe4 {[%clk 0:08:41]} 41. Rd1 {[%clk 0:02:17]}  Nf2 {[%clk 0:07:32]} 42. Rd2 {[%clk 0:02:07]}  Nd3 {[%clk 0:07:24]} 43. Nxa5 {[%clk 0:01:29]}  Bxd5+ {[%clk 0:07:21]} 44. b3 {[%clk 0:01:47]}  e4 {[%clk 0:06:25]} 0-1

[Event "Open"]
[Site "Maastricht, NL"]
[Date "2025.06.08"]
[Round "4"]
[White "Gramb, Marius"]
[Black "Gloeckler, Christian"]
[Result "1/2-1/2"]
[Board "9"]
[WhiteFideId "24656593"]
[BlackFideId "34608966"]
[BlackTitle "FM"]
[WhiteElo "2159"]
[BlackElo "2439"]
[WhiteTeam "GER"]
[BlackTeam "GER"]
[WhiteClock "0:20:10"]
[BlackClock "0:11:12"]
[Variant "Standard"]

1. c4 {[%clk 1:30:48]}  c5 {[%clk 1:30:54]} 2. Nf3 {[%clk 1:31:07]}  Nf6 {[%clk 1:31:18]} 3. g3 {[%clk 1:31:28]}  Nc6 {[%clk 1:31:41]} 4. Bg2 {[%clk 1:31:38]}  d5 {[%clk 1:32:00]} 5. cxd5 {[%clk 1:31:40]}  Nxd5 {[%clk 1:32:24]} 6. Nc3 {[%clk 1:31:57]}  Nc7 {[%clk 1:32:49]} 7. a3 {[%clk 1:32:05]}  g6 {[%clk 1:33:15]} 8. h4 {[%clk 1:32:13]}  Bg4 {[%clk 1:33:40]} 9. Qb3 {[%clk 1:31:35]}  Bg7 {[%clk 1:34:04]} 10. Qxb7 {[%clk 1:29:55]}  Bd7 {[%clk 1:33:54]} 11. Qb3 {[%clk 1:30:20]}  Rb8 {[%clk 1:34:20]} 12. Qd1 {[%clk 1:30:34]}  h6 {[%clk 1:34:43]} 13. d3 {[%clk 1:23:34]}  Ne6 {[%clk 1:35:06]} 14. O-O {[%clk 1:07:19]}  O-O {[%clk 1:32:20]} 15. e3 {[%clk 0:56:06]}  Bc8 {[%clk 1:22:09]} 16. Qc2 {[%clk 0:53:12]}  Ba6 {[%clk 1:16:01]} 17. Rd1 {[%clk 0:52:46]}  Na5 {[%clk 0:54:52]} 18. b4 {[%clk 0:42:55]}  cxb4 {[%clk 0:35:00]} 19. axb4 {[%clk 0:43:20]}  Nc6 {[%clk 0:35:22]} 20. Ba3 {[%clk 0:35:33]}  Qc8 {[%clk 0:26:21]} 21. d4 {[%clk 0:22:09]}  Nxb4 {[%clk 0:20:27]} 22. Bxb4 {[%clk 0:22:09]}  Rxb4 {[%clk 0:20:49]} 23. Qa2 {[%clk 0:20:10]}  Bc4 {[%clk 0:11:12]} 1/2-1/2

[Event "Open"]
[Site "Maastricht, NL"]
[Date "2025.06.08"]
[Round "4"]
[White "Donker, Roel"]
[Black "Elgersma, Onno"]
[Result "1-0"]
[Board "10"]
[WhiteFideId "1031660"]
[BlackFideId "1053531"]
[WhiteTitle "CM"]
[BlackTitle "FM"]
[WhiteElo "2213"]
[BlackElo "2393"]
[WhiteTeam "NED"]
[BlackTeam "NED"]
[WhiteClock "0:02:09"]
[BlackClock "0:00:38"]
[Variant "Standard"]

1. d4 {[%clk 1:30:55]}  e6 {[%clk 1:30:33]} 2. c4 {[%clk 1:31:15]}  d5 {[%clk 1:30:35]} 3. Nf3 {[%clk 1:31:19]}  Nf6 {[%clk 1:29:34]} 4. Nc3 {[%clk 1:31:40]}  Nc6 {[%clk 1:26:55]} 5. cxd5 {[%clk 1:27:08]}  exd5 {[%clk 1:27:21]} 6. Bg5 {[%clk 1:27:08]}  Be7 {[%clk 1:27:45]} 7. e3 {[%clk 1:14:51]}  h6 {[%clk 1:27:12]} 8. Bh4 {[%clk 1:10:55]}  O-O {[%clk 1:27:35]} 9. Bd3 {[%clk 1:11:05]}  Ne8 {[%clk 1:27:45]} 10. Bg3 {[%clk 1:09:44]}  Bd6 {[%clk 1:21:53]} 11. Ne5 {[%clk 1:04:12]}  Nxe5 {[%clk 1:09:03]} 12. dxe5 {[%clk 1:03:55]}  Bb4 {[%clk 1:09:28]} 13. O-O {[%clk 0:57:54]}  Bxc3 {[%clk 1:00:10]} 14. bxc3 {[%clk 0:58:21]}  Be6 {[%clk 0:59:09]} 15. e4 {[%clk 0:48:50]}  dxe4 {[%clk 0:44:38]} 16. Bxe4 {[%clk 0:49:04]}  Qxd1 {[%clk 0:44:59]} 17. Rfxd1 {[%clk 0:48:42]}  Rb8 {[%clk 0:45:21]} 18. f4 {[%clk 0:46:27]}  f5 {[%clk 0:43:09]} 19. Bd5 {[%clk 0:41:07]}  Bxd5 {[%clk 0:26:06]} 20. Rxd5 {[%clk 0:41:34]}  Kf7 {[%clk 0:26:07]} 21. Bf2 {[%clk 0:29:05]}  b6 {[%clk 0:26:04]} 22. a4 {[%clk 0:23:31]}  Ke6 {[%clk 0:25:45]} 23. Rad1 {[%clk 0:21:07]}  g5 {[%clk 0:18:51]} 24. Be3 {[%clk 0:17:51]}  g4 {[%clk 0:11:19]} 25. Rd7 {[%clk 0:07:54]}  Rf7 {[%clk 0:11:20]} 26. Rxf7 {[%clk 0:08:17]}  Kxf7 {[%clk 0:11:48]} 27. Rd7+ {[%clk 0:08:38]}  Ke6 {[%clk 0:11:46]} 28. Rh7 {[%clk 0:08:31]}  b5 {[%clk 0:12:09]} 29. Bxa7 {[%clk 0:04:49]}  Rb7 {[%clk 0:10:51]} 30. Be3 {[%clk 0:04:31]}  bxa4 {[%clk 0:10:56]} 31. Rxh6+ {[%clk 0:04:01]}  Kd5 {[%clk 0:11:16]} 32. Ra6 {[%clk 0:03:45]}  Rb1+ {[%clk 0:08:25]} 33. Kf2 {[%clk 0:04:14]}  Ra1 {[%clk 0:08:37]} 34. c4+ {[%clk 0:03:09]}  Ke4 {[%clk 0:08:37]} 35. Bc5 {[%clk 0:02:26]}  Kxf4 {[%clk 0:07:43]} 36. e6 {[%clk 0:02:42]}  Ra2+ {[%clk 0:05:15]} 37. Kf1 {[%clk 0:02:46]}  Ra1+ {[%clk 0:02:35]} 38. Ke2 {[%clk 0:03:14]}  Ra2+ {[%clk 0:03:00]} 39. Kf1 {[%clk 0:03:38]}  Ra1+ {[%clk 0:03:27]} 40. Ke2 {[%clk 0:04:05]}  Ra2+ {[%clk 0:03:51]} 41. Kd3 {[%clk 0:01:55]}  Rxg2 {[%clk 0:04:20]} 42. Ra8 {[%clk 0:02:18]}  Nf6 {[%clk 0:02:58]} 43. Bd4 {[%clk 0:01:24]}  Ne4 {[%clk 0:00:43]} 44. Be3+ {[%clk 0:01:48]}  Kf3 {[%clk 0:00:35]} 45. e7 {[%clk 0:01:56]}  Rb2 {[%clk 0:00:41]} 46. e8=Q {[%clk 0:01:02]}  Rb3+ {[%clk 0:01:10]} 47. Kc2 {[%clk 0:00:40]}  Rxe3 {[%clk 0:01:18]} 48. Qh5 {[%clk 0:00:46]}  Re2+ {[%clk 0:01:15]} 49. Kc1 {[%clk 0:01:10]}  f4 {[%clk 0:00:39]} 50. Rxa4 {[%clk 0:00:09]}  Re1+ {[%clk 0:00:42]} 51. Kc2 {[%clk 0:01:02]}  Re2+ {[%clk 0:01:01]} 52. Kc1 {[%clk 0:01:30]}  Re1+ {[%clk 0:01:20]} 53. Kb2 {[%clk 0:01:24]}  Re2+ {[%clk 0:01:49]} 54. Ka3 {[%clk 0:01:43]}  c5 {[%clk 0:01:52]} 55. Ra6 {[%clk 0:01:14]}  Re1 {[%clk 0:00:41]} 56. Rg6 {[%clk 0:01:08]}  Ra1+ {[%clk 0:00:33]} 57. Kb2 {[%clk 0:01:27]}  Rg1 {[%clk 0:00:59]} 58. h3 {[%clk 0:01:29]}  Nf2 {[%clk 0:00:46]} 59. hxg4 {[%clk 0:01:33]}  Nxg4 {[%clk 0:01:09]} 60. Kb3 {[%clk 0:01:21]}  Rg3 {[%clk 0:00:39]} 61. Ka4 {[%clk 0:01:45]}  Rg1 {[%clk 0:00:38]} 62. Kb5 {[%clk 0:02:09]} 1-0